00467nam a2200145Ia 4500003000900000008004100009020002600050020002700076040001600103100001600119245006800135260003200203300002000235856006600255IN-BaIIA211028s9999 xx s 000 0 eng d a9780819496317 (Print) a9780819496324 (Online) cIIA Library aHou, Weilin 0aOcean Sensing and Monitoring: Optics and Other Methodsh[eBook] aWashington, USAbSPIEc2013 aOnline resource uhttps://doi.org/10.1117/3.1002079yClick Here to Access eBook